SAUREZ VOUS NOMMEZ 20 CLUB DE FOOT - Statistiques

Statistiques générales
  • Ce quiz a été pris 526 fois
  • Le résultat moyen est 18 sur 20
Statistiques - réponses
Par images Réponse % Correct
Bayern
99%
Chelsea
99%
Manchester City
99%
Manchester United
99%
Arsenal
97%
Real Madrid
97%
Liverpool
96%
Juventus
95%
Paris st germain
95%
AC Milan
93%
Olympique Lyonnais
93%
Barcelone
92%
Olympique de Marseille
92%
Inter Milan
87%
Borussia Dortmund
83%
Atletico Madrid
82%
Séville
81%
Feyenoord
80%
Napoli
79%
Real Sociedad
75%
Aucun quiz correspondant
Distribution des résultats
% des personnes avec chaque résultat
Percentile par nombre de réponses
Votre historique - résultats
Vous n’avez pas pris ce quiz